Communities and consumption

Bibliographic Details
Corporate Author: ProQuest (Firm)
Other Authors: Bekin, Carole., Carrigan, Marylyn., Szmigin, Isabelle.
Format: Electronic eBook
Language:English
Published: Bradford, England : Emerald Group Publishing, c2007.
Series:International Journal of Sociology and Social Policy ; 27, no. 3/4
Subjects:
Online Access:Click to View
LEADER 01298nam a2200349Ia 4500
001 EBC291562
003 MiAaPQ
005 20200520144314.0
006 m o d |
007 cr cn|||||||||
008 000815s2007 enk s 000 0 eng d
020 |z 9781846634208 
035 |a (MiAaPQ)EBC291562 
035 |a (Au-PeEL)EBL291562 
035 |a (CaPaEBR)ebr10172217 
035 |a (CaONFJC)MIL84757 
035 |a (OCoLC)182530542 
040 |a MiAaPQ  |c MiAaPQ  |d MiAaPQ 
050 4 |a HC79.C6  |b C66 2007 
245 0 0 |a Communities and consumption  |h [electronic resource] /  |c guest editors Carole Bekin, Marylyn Carrigan and Isabelle Szmigin. 
260 |a Bradford, England :  |b Emerald Group Publishing,  |c c2007. 
300 |a 93 p. 
490 0 |a International Journal of Sociology and Social Policy ;  |v 27, no. 3/4 
533 |a Electronic reproduction. Ann Arbor, MI : ProQuest, 2015. Available via World Wide Web. Access may be limited to ProQuest affiliated libraries. 
650 0 |a Communities. 
650 0 |a Consumption (Economics) 
655 4 |a Electronic books. 
700 1 |a Bekin, Carole. 
700 1 |a Carrigan, Marylyn. 
700 1 |a Szmigin, Isabelle. 
710 2 |a ProQuest (Firm) 
856 4 0 |u https://ebookcentral.proquest.com/lib/matrademy/detail.action?docID=291562  |z Click to View